Joueur OM-PSG 2021-2022 à Paris - Statistiques

Statistiques générales
  • Ce quiz a été pris 202 fois
  • Le résultat moyen est 6 sur 11
Statistiques - réponses
Indice Réponse % Correct
gardien Pau Lopez
91%
buteur Payet
88%
milieu central guendouzi
72%
défenseur droit Rongier
70%
défenseur central Saliba
66%
milieu central Kamara
55%
attaquant gauche gerson
54%
défenseur central Caleta-Car
48%
défenseur gauche Luan Peres
40%
milieu central gueye
38%
attaquant droit cengiz
14%
Aucun quiz correspondant
Distribution des résultats
% des personnes avec chaque résultat
Percentile par nombre de réponses
Votre historique - résultats
Vous n’avez pas pris ce quiz